<?xml version="1.0" encoding="UTF-8"?>
<record
    xmlns:xsi="http://www.w3.org/2001/XMLSchema-instance"
    xsi:schemaLocation="http://www.loc.gov/MARC21/slim http://www.loc.gov/standards/marcxml/schema/MARC21slim.xsd"
    xmlns="http://www.loc.gov/MARC21/slim">

  <leader>01092cam a2200289   4500</leader>
  <controlfield tag="001">173877</controlfield>
  <controlfield tag="003">YEEZEN</controlfield>
  <controlfield tag="005">20240426104145.0</controlfield>
  <controlfield tag="008">181226s2018    ch  a  g      000 0 chi d</controlfield>
  <datafield tag="020" ind1=" " ind2=" ">
    <subfield code="a">9789863429531</subfield>
    <subfield code="q">(&#x5E73;&#x88DD;) :</subfield>
    <subfield code="c">NT$300</subfield>
  </datafield>
  <datafield tag="040" ind1=" " ind2=" ">
    <subfield code="a">NQU</subfield>
    <subfield code="e">CCR2</subfield>
    <subfield code="c">TW</subfield>
  </datafield>
  <datafield tag="041" ind1="0" ind2=" ">
    <subfield code="a">chi</subfield>
  </datafield>
  <datafield tag="042" ind1=" " ind2=" ">
    <subfield code="a">nbic</subfield>
  </datafield>
  <datafield tag="044" ind1=" " ind2=" ">
    <subfield code="a">ch</subfield>
  </datafield>
  <datafield tag="084" ind1=" " ind2=" ">
    <subfield code="a">411.94</subfield>
    <subfield code="2">ncsclt</subfield>
  </datafield>
  <datafield tag="090" ind1=" " ind2=" ">
    <subfield code="a">411.94</subfield>
  </datafield>
  <datafield tag="100" ind1="1" ind2=" ">
    <subfield code="a">&#x68EE;&#x62D3;&#x90CE;</subfield>
    <subfield code="e">&#x8457;</subfield>
  </datafield>
  <datafield tag="245" ind1="1" ind2="0">
    <subfield code="a">&#x3010;&#x5716;&#x89E3;&#x3011;&#x4E0D;&#x65B7;&#x91A3;&#x7626;&#x66F4;&#x5FEB;</subfield>
    <subfield code="b">2&#x500B;&#x6708;&#x8B93;47&#x7A2E;&#x96E3;&#x7626;&#x5973;&#x5B50;&#x5065;&#x5EB7;&#x7626;&#x4E0B;10&#x516C;&#x65A4;&#xFF01;</subfield>
    <subfield code="c">&#x68EE;&#x62D3;&#x90CE;&#x8457;</subfield>
  </datafield>
  <datafield tag="250" ind1=" " ind2=" ">
    <subfield code="a">&#x521D;&#x7248;</subfield>
  </datafield>
  <datafield tag="260" ind1=" " ind2=" ">
    <subfield code="a">&#x81FA;&#x5317;&#x5E02;</subfield>
    <subfield code="b">&#x4E09;&#x91C7;&#x6587;&#x5316;</subfield>
    <subfield code="c">2018.06</subfield>
  </datafield>
  <datafield tag="300" ind1=" " ind2=" ">
    <subfield code="a">198&#x9762;</subfield>
    <subfield code="b">&#x5716;</subfield>
    <subfield code="c">21&#x516C;&#x5206;</subfield>
  </datafield>
  <datafield tag="500" ind1=" " ind2=" ">
    <subfield code="a">&#x53F0;&#x7063;&#x662F;&#x7F8E;&#x98DF;&#x738B;&#x570B;&#x4E5F;&#x662F;&#x6FB1;&#x7C89;&#x5927;&#x570B;&#xFF0C;&#x96D6;&#x7136;&#x73FE;&#x5728;&#x662F;&#x300C;&#x9650;&#x91A3;&#x300D;&#x548C;&#x300C;&#x751F;&#x916E;&#x300D;&#x7684;&#x98A8;&#x6F6E;&#xFF0C; &#x3000;&#x3000;&#x4F46;&#x6E1B;&#x80A5;&#x8005;&#x6700;&#x771F;&#x5BE6;&#x7684;&#x5FC3;&#x8072;&#x662F;&#xFF0C;&#x6211;&#x5C31;&#x662F;&#x7121;&#x6CD5;&#x300C;&#x65B7;&#x91A3;&#x300D;&#xFF0C;&#x800C;&#x4E14;&#x7121;&#x6CD5;&#x7DAD;&#x6301;&#x4E00;&#x8F29;&#x5B50;&#xFF01; &#x65E5;&#x672C;&#x767E;&#x842C;&#x6E1B;&#x80A5;&#x66A2;&#x92B7;&#x66F8;&#x4F5C;&#x8005;&#x6700;&#x65B0;&#x4F5C;&#xFF01; &#x6E1B;&#x80A5;&#xFF0C;&#x6839;&#x672C;&#x4E0D;&#x9700;&#x8981;&#x6BC5;&#x529B;&#xFF0C;&#x5403;&#x91A3;&#x4E5F;&#x80FD;2&#x500B;&#x6708;-10kg&#x7684;&#x7D42;&#x6975;&#x6E1B;&#x80A5;&#x8853;&#x3002;</subfield>
  </datafield>
  <datafield tag="650" ind1="1" ind2="0">
    <subfield code="a">&#x5065;&#x5EB7;&#x98DF;&#x54C1;</subfield>
    <subfield code="2">lcstt.</subfield>
  </datafield>
  <datafield tag="650" ind1="1" ind2="0">
    <subfield code="a">&#x6E1B;&#x91CD;</subfield>
    <subfield code="2">lcstt.</subfield>
  </datafield>
  <datafield tag="700" ind1="1" ind2=" ">
    <subfield code="a">&#x8CF4;&#x60E0;&#x9234;</subfield>
    <subfield code="e">&#x8B6F;</subfield>
  </datafield>
  <datafield tag="942" ind1=" " ind2=" ">
    <subfield code="2">ccl</subfield>
    <subfield code="c">BOOK</subfield>
  </datafield>
  <datafield tag="999" ind1=" " ind2=" ">
    <subfield code="c">7545</subfield>
    <subfield code="d">7545</subfield>
  </datafield>
  <datafield tag="952" ind1=" " ind2=" ">
    <subfield code="0">0</subfield>
    <subfield code="1">0</subfield>
    <subfield code="2">ccl</subfield>
    <subfield code="4">0</subfield>
    <subfield code="7">0</subfield>
    <subfield code="a">yeezen</subfield>
    <subfield code="b">yeezen</subfield>
    <subfield code="c">YEEZEN</subfield>
    <subfield code="d">2024-04-26</subfield>
    <subfield code="l">5</subfield>
    <subfield code="m">1</subfield>
    <subfield code="o">411.94</subfield>
    <subfield code="p">C03125</subfield>
    <subfield code="r">2024-10-16 00:00:00</subfield>
    <subfield code="s">2024-10-07</subfield>
    <subfield code="w">2024-04-26</subfield>
    <subfield code="y">BOOK</subfield>
    <subfield code="z">&#x53F0;&#x7063;&#x662F;&#x7F8E;&#x98DF;&#x738B;&#x570B;&#x4E5F;&#x662F;&#x6FB1;&#x7C89;&#x5927;&#x570B;&#xFF0C;&#x96D6;&#x7136;&#x73FE;&#x5728;&#x662F;&#x300C;&#x9650;&#x91A3;&#x300D;&#x548C;&#x300C;&#x751F;&#x916E;&#x300D;&#x7684;&#x98A8;&#x6F6E;&#xFF0C; &#x4F46;&#x6E1B;&#x80A5;&#x8005;&#x6700;&#x771F;&#x5BE6;&#x7684;&#x5FC3;&#x8072;&#x662F;&#xFF0C;&#x6211;&#x5C31;&#x662F;&#x7121;&#x6CD5;&#x300C;&#x65B7;&#x91A3;&#x300D;&#xFF0C;&#x800C;&#x4E14;&#x7121;&#x6CD5;&#x7DAD;&#x6301;&#x4E00;&#x8F29;&#x5B50;&#xFF01; &#x65E5;&#x672C;&#x767E;&#x842C;&#x6E1B;&#x80A5;&#x66A2;&#x92B7;&#x66F8;&#x4F5C;&#x8005;&#x6700;&#x65B0;&#x4F5C;&#xFF01; &#x6E1B;&#x80A5;&#xFF0C;&#x6839;&#x672C;&#x4E0D;&#x9700;&#x8981;&#x6BC5;&#x529B;&#xFF0C;&#x5403;&#x91A3;&#x4E5F;&#x80FD;2&#x500B;&#x6708;-10kg&#x7684;&#x7D42;&#x6975;&#x6E1B;&#x80A5;&#x8853;&#x3002;</subfield>
  </datafield>
</record>
